Every Friday the 13th Movie + Extras - Statistics

General Stats
  • This quiz has been taken 12 times
  • The average score is 7 of 13
Answer Stats
Extras Answer % Correct
Friday the 13th
100%
FULL TITLE Friday the 13th: Part II
64%
FULL TITLE Friday the 13th: Part III
64%
FAN-FILM on YT Never Hike Alone
64%
TAGLINE ONLY A New Beginning
55%
TAGLINE ONLY2 OPTIONS Jason Goes to Hell/The Final Friday
55%
TAGLINE ONLY Jason Lives
55%
TAGLINE ONLY The Final Chapter
55%
TAGLINE ONLY The New Blood
55%
RELEASE DATE REQUIRED Friday the 13th (2009)
45%
TAGLINE ONLY Jason Takes Manhattan
45%
FULL TITLE Jason X
45%
SEQUEL TO FAN-FILM Never Hike in the Snow
36%
No matching quizzes found
Score Distribution
Percent of People with Each Score
Percentile by Number Answered
Your Score History
You have not taken this quiz